00538 2200229 4500001002100000008004100021035002000062245005300082100001700135250000600152260003000158084001400188082000800202650001400210990001200224990001200236990001200248990001200260990001200272990001200284990001200296INLIS000000000001532 ind  a0010-0125000030 aMatematika Universitas Edisi KetigacFrank Ayres aAyres, Frank a1 aJakarta :bErlanggac2004 a510 FRA m a510 aNon Fiksi a0714090 a0714091 a0714092 a0714093 a0714094 a0714095 a0714096